000 01029nam a22002537a 4500
003 OSt
005 20210405112127.0
008 210405s1962 sp abo|gr|||| 00| 0 spa d
020 _a8432021008 (Obra completa)
020 _a8432021016 (Tomo I)
020 _a8432021024 (Tomo II)
040 _aCO-JMCR
_cCO-JMCR
041 1 _aspa
_heng
082 0 _a909 /
_bR594r
_223
100 1 _aRiquel, Martín de,
_eautor
_936606
245 1 0 _aReportaje de la historia :
_b136 relatos de testigos presenciales sobre hechos ocurridos en 25 siglos. /
_cMartín de Riquel ; dirección de traducción, Rafael Ballester ; Selección y montaje de ilustraciones, Luis Monreal.
260 _aBarcelona :
_bPlaneta,
_c1962.
300 _a2 volúmenes :
_bilustraciones, laminas y fotografías a color ;
_c25 cm.
500 _aIncluye índice de laminas y ilustraciones.
650 1 4 _aHistoria mundial
_936607
700 1 _aBallester, Rafael,
_etraductor
_936608
700 1 _aMonreal, Luis,
_eSelección y montaje
_936609
942 _2ddc
_cBK
999 _c15512
_d15512